Zoología (Registro nro. 4894)

Detalles MARC
000 -CABECERA
Campo de control 00941cam a2200313 i 4500
005 - FECHA Y HORA DE LA ULTIMA TRANSACCION
Campo de control 20160124074931.0
008 - ELEMENTOS DE LONGITUD FIJA—INFORMACION GENERAL
Campo de control 971201t00001985sp a r 000 0 spa d
015 ## - NATIONAL BIBLIOGRAPHY NUMBER
National bibliography number NNN
020 ## - ISBN
ISBN 8429118330 (Volumen 1)
040 ## - FUENTE DE CATALOGACIÓN
Agencia catalogadora original CO-BoPUJ
Agencia transcriptora CO-BoIAVH
Agencia Modificadora CO-BoIAVH
041 1# - IDIOMA
Código de idioma para texto/pista de sonido o título separado Español
Código de idioma de la versión original y/o traducciones intermedias del texto Inglés
044 ## - PAÍS DE PUBLICACIÓN
País de publicación España
082 04 - NUMERO DE CLASIFICACION DECIMAL DEWEY
Número de clasificación 590
Número del ítem M36z
100 1# - ASIENTO PRINCIPAL--NOMBRE PERSONAL
Nombre personal Marshall, A. J.
9 (RLIN) 22338
245 10 - MENCION DE TITULO
Título Zoología
Mención de responsabilidad A.J. Marshall y W.D. Williams ; traducción Fernando Pablos Casanovas
250 ## - MENCION DE EDICION
Mención de edición Séptima edición
260 ## - PUBLICACION, DISTRIBUCION, ETC. (PIE DE IMPRENTA)
Lugar de publicación, distribución, etc. Barcelona ;
Nombre del editor, distribuidor, etc. Reverté,
Fecha de publicación, distribución, etc. 1985.
300 ## - DESCRIPCION FISICA
Extensión 2 volúmenes
505 ## - NOTA DE CONTENIDO
Miscellaneous information Volumen 1.: Invertebrados. -- Volumen 2. Cordados
534 ## - NOTA DE VERSION ORIGINAL
Título del original Texbook of zoology.
650 14 - ASIENTO SECUNDARIO DE MATERIA - TERMINO TEMATICO
Término temático o nombre geográfico como elemento de entrada Zoología
Subdivisión de forma Enseñanza
9 (RLIN) 54555
650 24 - ASIENTO SECUNDARIO DE MATERIA - TERMINO TEMATICO
Término temático o nombre geográfico como elemento de entrada Vertebrados
9 (RLIN) 54556
650 24 - ASIENTO SECUNDARIO DE MATERIA - TERMINO TEMATICO
Término temático o nombre geográfico como elemento de entrada Invertebrados
9 (RLIN) 54557
650 24 - ASIENTO SECUNDARIO DE MATERIA - TERMINO TEMATICO
Término temático o nombre geográfico como elemento de entrada Cordados
9 (RLIN) 54558
700 1# - ASIENTO SECUNDARIO - NOMBRE PERSONAL
Nombre personal Williams, W. D.,
Término de relación autor.
9 (RLIN) 22339
740 0# - ASIENTO SECUNDARIO - TITULOS RELACIONADOS /ANALITICOS NO CONTROLADOS
Título relacionado o analítico no controlado Cordados
740 0# - ASIENTO SECUNDARIO - TITULOS RELACIONADOS /ANALITICOS NO CONTROLADOS
Título relacionado o analítico no controlado Invertebrados
942 ## - ELEMENTOS ADICIONALES (KOHA)
Sistema de clasificación Dewey Decimal Classification
Tipo de ítem Libro
Existencias
Withdrawn status Lost status Sistema de Clasificación Damaged status No para préstamo Colección Inventariado Ubicación Permanente Ubicación actual Fecha de adquisición Fuente de Valor Total Checkouts Número topográfico Inventario / Código de Barras Date last seen Ejemplar Price effective from Forma de adquisición Tipo de material
    Dewey Decimal Classification     General Inventariado 2017 Bogotá Bogotá 28/11/2005 Iberlibro   LB-590 M36z 022422 04/12/2012 V. 1 Ej. 1 04/12/2012   Libro